000 00906nas a2200301 4500
001 BR0601020
003 BR-BrBNA
005 20231205105856.0
007 ta
008 230509b bl.|||p| |||| 00| 00por d
040 _aBR-BrBNA
_bpor
_cBiblioteca Nacional de Agricultura
041 _a(Pt)
072 _aP33; F01
100 1 _aBordin, I.
100 1 _aMissio, R.F.
100 1 _aCasimiro, E.L.N.
100 1 _acastro, A.M.C. e
100 1 _aFey, E.
245 1 _aDesenvolvimento de mudas de pupunheira em latossolo argiloso compactado artificialmente em subsuperfície
650 _aPUPUNHA
650 _aMUDA
650 _aCOMPACTAÇÃO DO SOLO
650 _aSISTEMA RADICULAR
650 _aLATOSSOLO VERMELHO
773 0 _tCiência Rural (Brazil)
_xISSN 0103-8478
_g(Jan-Feb 2006), v. 36(1) p. 290-293
_wBR0601020
909 _a202311
_bLúcia
_c55
_dLúcia Elande
942 _2AGRIS
_n0
_cANA
999 _c185132
_d185132